Statistics for Name that Historical Figure #4

Click here to take the quiz!

General Stats

  • This quiz has been taken 64,836 times
    (3,717 since last reset)
  • The average score is 11 of 16

Answer Stats

Answer% Correct
Neil Armstrong
98%
Julius Caesar
85%
James Dean
80%
Marie Antoinette
77%
Wolfgang Amadeus Mozart
74%
Salvador Dali
70%
Queen Mary
68%
Leonardo da Vinci
63%
Frida Kahlo
63%
Ulysses S. Grant
62%
Vlad the Impaler
61%
Elizabeth Taylor
61%
Horatio Nelson
57%
Fred Astaire
53%
Miles Davis
40%
King Richard III
38%

Score Distribution

Percentile by Number Answered

Percent of People with Each Score

Your Score History

You have not taken this quiz since the last reset